00921nam a2200253 a 450000100060000000300080000600500170001400800390003103500190007004000370008904100080012608200200013424500660015426000560022030000310027650400300030760000450033765000290038270000440041173000470045594200120050299900170051495201360053134519BD-RjUL20211209052155.0140517s1951 mauc b 001 0 eng a(BD-RjUL)34613 aDLCcOUNdm.cdSERdBD-RjULbeng aeng a306.9bSCH 195100aSchumpeter :bsocial scientist /cedited by Seymour E. Harris aCambridge, Mass :bHarvard University Press,c1951. ax, 142 p. :bill. ;c29 cm aBibliographical footnotes10aSchumpeter, Joseph A.,d1883-1950.97066 0aSocial scientists9954261 aHarris, Seymour Edwin,d1897-1974970810 aReview of economics and statistics9104998 2ddccBK c34519d34519 00102ddc40718NFICaRUCLbRUCLcReadingd1955-08-01eO. U. Pg18.00l0o306.9 SCH 1951r2014-05-17 00:00:00tC-1w2014-05-17yBK